000 00532nam a2200169Ia 4500
008 180921t2016 xxu||||| |||| 00| 0 sin d
041 _asin
080 _a294.3
_bKEM
100 _aKema Meheniya, Arya
245 _aමා කවුද: බෞද්ධ භාවනාව සඳහා අත්වැලක්
246 _aMa Kawda: Baudda Bawanawa Sadaha Athwelak
260 _bBuddisht Publication Society INC
_aKandy
_c2016
300 _b290p, 23cm
942 _cBK
999 _c2989
_d2989
003 LK-CoDNM
040 _aLK-CoDNM
_dLK-CoDNM
_eLK-CoDNM